000 00969nam a2200241Ia 4500
003 OSt
005 20220923221540.0
006 a|||||r|||| 00| 0
007 ta
008 220922b |||||||| |||| 00| 0 hin d
024 _a198,063
037 _cTextual
040 _aARTS
_cARTS
_bhin
041 _2hin
_ahin
082 _aW3v1, 152P2;3-;4
100 _aब्लााख, मार्क; मिश्र, कृष्ण कान्त, अनु.
_9165438
245 0 _aसामंती समाज
_b परतंत्रता के बंधनों का विकास
246 _aSāhintī samāja: paratantratā ke bandhanoan kā vikāsa
260 _aदिल्ली
_b ग्रंथ शिल्पी
_c2002
300 _a243पृ.
_ccm.
942 _hW3v1, 152P2;3-;4
_cTEXL
_2CC
999 _c349933
_d349933